000
00469nam a2200169Ia 4500
008
090123s9999 xx 000 0 und d
082
_b
7803
100
_a
जी.प्रकाश
245
_a
ब्लॉक अँड वैर
250
_a
1
300
_a
84
600
_a
जी.प्रकाश
630
_a
ब्लॉक अँड वैर
700
_a
जी.प्रकाश
730
_a
ब्लॉक अँड वैर
942
_c
BOOK
999
_c
45869
_d
45869